000 01477cam a2200421 i 4500
001 200468170
003 TR-AnTOB
005 20260417105659.0
007 ta
008 260417s1976 enk 000 1 eng
010 _a 74185803
015 _aGB7406604
_2bnb
015 _a751035912
_2can
016 _a(AMICUS)000001241789
016 7 _a000545200
_2Uk
016 7 _a010325337
_2Uk
020 _a0552102229
_q(paperback)
035 _a(CLU)673889-ucladb-Voyager
035 _a(OCoLC)03149976
_z(OCoLC)1039224
_z(OCoLC)1061883957
035 _a(OCoLC)ocm03149976
035 _a(EXLNZ-01UCS_NETWORK)9912941120306531
035 _a(TR-AnTOB)200468170
040 _aDLC
_beng
_erda
_cDLC
_dBTCTA
_dOCLCG
_dNLE
_dDEBBG
_dUKMGB
_dOCLCQ
_dNLC
_dOCLCQ
_dNZ1
_dOCLCF
_dOCLCO
_dAU@
_dOCLCQ
_dOCLCO
_dKSU
_dOCLCO
_dOCLCL
_dOCLCQ
_dIG#
_dOCLCL
_dTR-AnTOB
041 0 _aeng
050 0 0 _aPS3552.U75
_bE9 1976
090 _aPS3552.U75
_bE9 1976
100 1 _aBurroughs, William S.,
_d1914-1997
_eauthor
_4aut
_0http://id.loc.gov/authorities/names/n79026862
_9153757
245 1 0 _aExterminator! /
_cWilliam Burroughs.
264 1 _aLondon :
_bCorgi Books,
_c1976.
300 _a124 pages ;
_c18 cm
336 _atext
_btxt
_2rdacontent
337 _aunmediated
_bn
_2rdamedia
338 _avolume
_bnc
_2rdacarrier
655 7 _aScience fiction
_2lcgft
_0http://id.loc.gov/authorities/genreForms/gf2014026529
_9153063
942 _2lcc
_cBK
999 _c200468170
_d86382